000
00290nam a2200109 a 4500
005
20140414131945.0
008
110128s19uu xx 00 eng d
050
_a
TR 372.7
_b
D57 2006
100
_a
Dillon, Susan
245
_a
Fast facts addition and subtraction, Grade 1-2.
999
_c
112663
_d
112663